CPD Talk 15-16 June 1992 [ Information technology, its role on property developmenjt session III a

Bibliographic Details
Format: Book
Published: Bangi : Inspen , 1992
Subjects:

MARC

LEADER 00000cam a2200000 7i4500
001 0000018212
005 20061205.0
040 |a INS 
090 0 0 |a HD1380.6 1992 
245 0 0 |a CPD Talk 15-16 June 1992 [  |h video recording] :   |b Information technology, its role on property developmenjt session III a 
260 |a Bangi :   |b Inspen ,   |c 1992 
300 |a 1 Video cassette (VHS) (1:50) :   |b sd., col. ;   |c 1/2 in. 
650 0 0 |a Real estate business   |x Information technology 
999 |a VHS381   |b VIDEO   |c Media Collection   |e Default branch